Current Eastenders Characters - Statistics

General Stats
  • This quiz has been taken 122 times
  • The average score is 58 of 69
Answer Stats
Hint Answer % Correct
Beale Ian
99%
Mitchell Kat
98%
Moon Alfie
96%
Branning Jack
95%
Beale Kathy
95%
Carter Linda
95%
Beale Peter
95%
Mitchell Phil
95%
Brown Jay
94%
Fowler Martin
94%
Slater Stacey
94%
Branning Denise
93%
Watts Sharon
93%
Branning Lauren
92%
Dean Whitney
92%
Mitchell Billy
90%
Beale Bobby
90%
Beale Cindy
90%
Peacock Elaine
90%
Unwin Eve
90%
Slater Jean
90%
Carter Johnny
90%
Jackson Sonia
90%
Panesar Suki
90%
Highway Callum
89%
Knight George
89%
Fox Kim
89%
Mitchell Amy
88%
Knight Anna
88%
Mitchell Honey
88%
Pearce Lexi
88%
Carter Ollie
88%
Gulati Ravi
88%
Carter Annie
87%
Moon Tommy
87%
Moon Bert
86%
Moon Ernie
86%
Monroe Harvey
86%
Slater Lily
86%
Taylor Bernadette
85%
Fowler Hope
85%
Watts Albie
83%
Hudson Zack
83%
Fox Chelsea
82%
Knight Gina
82%
Panesar Nish
82%
Mitchell Richard
82%
Fowler Arthur
81%
Mitchell Janet
81%
Mitchell Will
81%
Fox Pearl
80%
Fox Mica
79%
Nandra-Hart Priya
79%
Colwell Reiss
79%
Panesar Vinny
79%
Nandra-Hart Avani
77%
Atkins Jordan
77%
Beale Louie
77%
Danes Howie
76%
Gulati Davinder
74%
Dawkins Raymond
73%
Slater Charli
71%
Danes Denzel
71%
Baker Felix
71%
Branning Penny
71%
Clayton Gideon
67%
Masood Jade
64%
Wainwright Britney
57%
Keller Nadine
55%
No matching quizzes found
Score Distribution
Percent of People with Each Score
Percentile by Number Answered
Your Score History
You have not taken this quiz